000 00769nam a2200265Ia 4500
003 OSt
005 20220928110518.0
006 a|||||r|||| 00| 0
007 ta
008 220927b |||||||| |||| 00| 0 hin d
020 _c1500
024 _a112962
037 _b1564, 11/11/2011, Kiran Book Service
_cTextual
040 _aSDCL
_cSDCL
_bhin
041 _2hin
_ahin
082 _aV2y7N52, Q1-2
100 _aTiwari Suresh
_9419823
245 0 _aRaman Singh
_b Saat varsho le mehatvpurn vichar.2V.
260 _aDelhi
_bYash Publications
_c2011
300 _a492p.
_ccm.
490 _v2
650 _aHindi
_9391598
942 _hV2y7N52, Q1-2
_cTEXL
_2CC
999 _c735974
_d735974